<?xml version="1.0" encoding="UTF-8"?>
<record
    xmlns:xsi="http://www.w3.org/2001/XMLSchema-instance"
    xsi:schemaLocation="http://www.loc.gov/MARC21/slim http://www.loc.gov/standards/marcxml/schema/MARC21slim.xsd"
    xmlns="http://www.loc.gov/MARC21/slim">

  <leader>00937nam a22002417a 4500</leader>
  <controlfield tag="001">9908</controlfield>
  <controlfield tag="003">FISKH</controlfield>
  <controlfield tag="005">20260325080452.0</controlfield>
  <controlfield tag="008">260313b        cb ||||| |||| 00| 0 eng d</controlfield>
  <datafield tag="020" ind1=" " ind2=" ">
    <subfield code="a">9781907602368</subfield>
  </datafield>
  <datafield tag="040" ind1=" " ind2=" ">
    <subfield code="a">FISKH</subfield>
    <subfield code="b">eng</subfield>
    <subfield code="c">FISKH</subfield>
    <subfield code="d">FISKH</subfield>
  </datafield>
  <datafield tag="082" ind1=" " ind2=" ">
    <subfield code="a">793.73</subfield>
  </datafield>
  <datafield tag="100" ind1=" " ind2=" ">
    <subfield code="a">Pedigree</subfield>
  </datafield>
  <datafield tag="245" ind1=" " ind2=" ">
    <subfield code="a">Angry birds :</subfield>
    <subfield code="b">Annual 2013 / </subfield>
    <subfield code="c">By  Pedigree </subfield>
  </datafield>
  <datafield tag="260" ind1=" " ind2=" ">
    <subfield code="a">Exeter, Devon : </subfield>
    <subfield code="b">Pedigree Books Ltd ,</subfield>
    <subfield code="c">2012 .</subfield>
  </datafield>
  <datafield tag="300" ind1=" " ind2=" ">
    <subfield code="a">77 pages : </subfield>
    <subfield code="b">color illustrations ; </subfield>
    <subfield code="c">30 cm .</subfield>
  </datafield>
  <datafield tag="505" ind1=" " ind2=" ">
    <subfield code="a">M 
</subfield>
  </datafield>
  <datafield tag="520" ind1=" " ind2=" ">
    <subfield code="a">Angry Birds Annual 2013 is a fun, illustrated children&#x2019;s annual featuring:

short stories or themed pages

puzzles

games

Angry Birds characters and activities

It&#x2019;s designed for young readers and fans of the Angry Birds brand, with varied content rather than a single narrative.

</subfield>
  </datafield>
  <datafield tag="521" ind1="8" ind2=" ">
    <subfield code="a">530 
</subfield>
    <subfield code="b">Lexile estimate 
</subfield>
  </datafield>
  <datafield tag="521" ind1="8" ind2=" ">
    <subfield code="a">M 
</subfield>
    <subfield code="b">Raz-Plus 
</subfield>
  </datafield>
  <datafield tag="942" ind1=" " ind2=" ">
    <subfield code="2">ddc</subfield>
    <subfield code="c">BK</subfield>
    <subfield code="n">0</subfield>
  </datafield>
  <datafield tag="999" ind1=" " ind2=" ">
    <subfield code="c">9908</subfield>
    <subfield code="d">9908</subfield>
  </datafield>
  <datafield tag="952" ind1=" " ind2=" ">
    <subfield code="0">0</subfield>
    <subfield code="1">0</subfield>
    <subfield code="2">ddc</subfield>
    <subfield code="4">0</subfield>
    <subfield code="7">0</subfield>
    <subfield code="8">NFIC</subfield>
    <subfield code="a">002</subfield>
    <subfield code="b">001</subfield>
    <subfield code="c">TTP Yellow </subfield>
    <subfield code="d">2026-03-13</subfield>
    <subfield code="l">1</subfield>
    <subfield code="o">PED 793.73</subfield>
    <subfield code="p">2026-0315</subfield>
    <subfield code="q">2026-04-08</subfield>
    <subfield code="r">2026-03-25 13:04:39</subfield>
    <subfield code="s">2026-03-25</subfield>
    <subfield code="t">1</subfield>
    <subfield code="w">2026-03-13</subfield>
    <subfield code="y">BK</subfield>
  </datafield>
  <datafield tag="952" ind1=" " ind2=" ">
    <subfield code="0">0</subfield>
    <subfield code="1">0</subfield>
    <subfield code="2">ddc</subfield>
    <subfield code="4">0</subfield>
    <subfield code="7">0</subfield>
    <subfield code="8">NFIC</subfield>
    <subfield code="a">002</subfield>
    <subfield code="b">001</subfield>
    <subfield code="c">TTP Yellow </subfield>
    <subfield code="d">2026-03-13</subfield>
    <subfield code="l">1</subfield>
    <subfield code="o">PED 793.73</subfield>
    <subfield code="p">2026-0317</subfield>
    <subfield code="q">2026-04-08</subfield>
    <subfield code="r">2026-03-25 13:04:13</subfield>
    <subfield code="s">2026-03-25</subfield>
    <subfield code="t">2</subfield>
    <subfield code="w">2026-03-13</subfield>
    <subfield code="y">BK</subfield>
  </datafield>
  <datafield tag="952" ind1=" " ind2=" ">
    <subfield code="0">0</subfield>
    <subfield code="1">0</subfield>
    <subfield code="2">ddc</subfield>
    <subfield code="4">0</subfield>
    <subfield code="7">0</subfield>
    <subfield code="8">NFIC</subfield>
    <subfield code="a">001</subfield>
    <subfield code="b">001</subfield>
    <subfield code="c">TK Yellow</subfield>
    <subfield code="d">2026-03-25</subfield>
    <subfield code="l">1</subfield>
    <subfield code="o">PED 793.73</subfield>
    <subfield code="p">2026-0370</subfield>
    <subfield code="q">2026-04-17</subfield>
    <subfield code="r">2026-04-03 08:19:17</subfield>
    <subfield code="s">2026-04-03</subfield>
    <subfield code="t">3</subfield>
    <subfield code="w">2026-03-25</subfield>
    <subfield code="y">BK</subfield>
  </datafield>
</record>
